|
|
|
|
| LEADER |
01315nam a2200349 a 4500 |
| 001 |
000666446 |
| 003 |
CZ BrMZK |
| 005 |
20040324103108.0 |
| 007 |
ta |
| 008 |
030415s2002 xo e p 000 0 slo d |
| 020 |
|
|
|a 80-227-1736-3
|q (brož.)
|
| 040 |
|
|
|a BOA001
|b cze
|
| 080 |
|
|
|a (075.8)
|2 MRF
|
| 080 |
|
|
|a 005.8
|2 MRF
|
| 100 |
1 |
|
|a Kalinová, Gabriela
|7 mzk2003180439
|4 aut
|
| 245 |
1 |
0 |
|a Projektmanažment :
|b návody na cvičenia /
|c Gabriela Kalinová, Zora Petráková, Branislav Púchovský
|
| 250 |
|
|
|a 2. preprac. vyd.
|
| 260 |
|
|
|a Bratislava :
|b Slovenská technická univerzita v Bratislave,
|c 2002
|
| 300 |
|
|
|a 89 s. ;
|c 29 cm
|
| 490 |
1 |
|
|a Edícia skrípt
|
| 500 |
|
|
|a 200 výt.
|
| 504 |
|
|
|a Obsahuje bibliografii
|
| 541 |
|
|
|a Bratislava, Centrum vedecko-technických informácií SR
|
| 650 |
0 |
7 |
|a projektový management
|7 ph115894
|2 czenas
|
| 655 |
|
7 |
|a učebnice vysokých škol
|7 fd133772
|2 czenas
|
| 700 |
1 |
|
|a Púchovský, Branislav
|4 aut
|
| 700 |
1 |
|
|a Petráková, Zora,
|d 1958-
|7 mzk2003180441
|4 aut
|
| 710 |
2 |
|
|a Slovenská technická univerzita (Bratislava, Slovensko).
|b Stavebná fakulta
|7 mzk2002157196
|
| 830 |
|
0 |
|a Edícia skrípt
|
| 910 |
|
|
|a BOA001
|b 3-1116.752
|
| 990 |
|
|
|a BK
|
| 996 |
7 |
|
|b 2610186406
|c 3-1116.752
|l MZK
|r Sklad / do 1 hodiny
|n 13
|p vým
|w 000666446
|u 000010
|a 1
|e BOA001
|j MZK50
|s A
|